000
00457nam a22001457a 4500
005
20251211104824.0
008
251211b |||||||| |||| 00| 0 eng d
037
_c
TB
040
_a
AL
_c
AL
041
_2
GUJ
_a
GUJ
100
_a
तिवारी, भोलानाथ
_9
855825
245
_a
भारतीय पौराइए यासों
942
_2
CC
_c
TB
_n
0
999
_c
1466173
_d
1466173